Naruto - Kage - Statistiques

Statistiques générales
  • Ce quiz a été pris 278 fois
  • Le résultat moyen est 20 sur 28
Statistiques - réponses
Rang Nom % Correct
Premier A
99%
Troisième A
99%
Quatrième A
99%
Troisième -n
99%
Deuxième -n
99%
Troisième -n
99%
Premier Hashirama Senju
98%
Sixième Kakashi Hatake
98%
Septième Naruto Uzumaki
98%
Deuxième Tobirama Senju
98%
Cinquième Tsunade
98%
Quatrième Minato Namikaze
97%
Troisième Hiruzen Sarutobi
94%
Pseudo-sixième Danzô Shimura
91%
Cinquième Gaara
86%
Cinquième Meï Terumi
72%
Troisième Ônoki
66%
Cinquième Darui
61%
Deuxième
57%
Quatrième Rasa
54%
Sixième Chôjûrô
49%
Quatrième Yagura
47%
Quatrième Kurotsuchi
41%
Deuxième Gengetsu Hôzuki
38%
Premier Byakuren
24%
Premier Reto
18%
Deuxième Shamon
17%
Premier Ishikawa
14%
Aucun quiz correspondant
Distribution des résultats
% des personnes avec chaque résultat
Percentile par nombre de réponses
Votre historique - résultats
Vous n’avez pas pris ce quiz